|
|
|
|
| LEADER |
00716nam a22002292a 4500 |
| 001 |
001763850 |
| 003 |
CZ BrMZK |
| 005 |
20220421140531.0 |
| 007 |
ta |
| 008 |
200819s1959 ru er|||||||||||rus d |
| 040 |
|
|
|a ABA007
|b cze
|d ABA007
|d BOA001
|
| 100 |
1 |
|
|a Bykova, V. Je.
|4 aut
|
| 245 |
1 |
0 |
|a Kinoteatry s širokim èkranom /
|c V.Je. Bykova, Ju.P. Gnebovskij, N.Ja. Matvejeva
|
| 260 |
|
|
|a Moskva :
|b Gosstrojizdat,
|c 1959
|
| 300 |
|
|
|a 190 s.
|
| 504 |
|
|
|a Obsahuje bibliografii
|
| 700 |
1 |
|
|a Gnebovskij, Ju. P.
|4 aut
|
| 700 |
1 |
|
|a Matvejeva, N. Ja.
|4 aut
|
| 910 |
|
|
|a BOA001
|b 3-0429.919
|
| 990 |
|
|
|a BK
|
| 991 |
|
|
|b 202008
|
| 996 |
7 |
|
|b 2618871586
|c 3-0429.919
|l MZK
|r Sklad / do 1 hodiny
|n 0
|w 001819771
|u 000010
|a 1
|e BOA001
|j MZK50
|s A
|